Učitavanje...

Rising to the challenge in Asia : a study of financial markets .V.4 : People's republic of China

Bibliografski detalji
Glavni autor: Asian development bank
Format: Printed Book
Jezik:Undetermined
English
Izdano: Philippines ADB 1999
Teme:
LEADER 00683nam a2200205Ia 4500
008 140306s9999 xx 000 0 und d
020 |a 9715612318 
041 |a eng 
082 |a 332.15 ADB  |b ASI/RI.4 
100 |a Asian development bank 
245 |a Rising to the challenge in Asia : a study of financial markets .V.4 : People's republic of China 
260 |a Philippines  |b ADB  |c 1999 
300 |a 99 
365 |b USD.20 
650 |a Banking 
650 |a Capital market 
650 |a Macroeconomics 
942 |2 ddc  |c BK 
999 |c 186011  |d 186011 
952 |0 0  |1 0  |2 ddc  |4 0  |6 332_150000000000000_ADB_ASI_RI_4  |7 0  |9 191922  |a KAUCBV  |b KAUCBV  |g 20.00  |o 332.15 ADB ASI/RI.4  |r 2014-03-22  |w 2014-03-22  |y BK